000 00529nam a2200193Ia 4500
003 GCL
008 140319s9999 xx 000 0 ara d
040 _aGCL /
_cGCL
082 0 4 _aق
_b320.531
_bع ت
100 1 _aعلى صبرى
245 1 0 _aالتطبيق الاشتراكى فى مصر /
_cعلى صبرى
300 _a192 ص
490 _aكتب قومية
_v0
650 0 4 _aمصر
650 0 4 _aالاشتراكية
650 0 4 _aالسد العالى
650 0 4 _aالاشتراكية - مصر
942 _2ddc
_cBK
999 _c51629
_d51629